000 00213nam a22000857a 4500
008 160804b xxu||||| |||| 00| 0 eng d
100 _926
_aEgmont
245 _aThe Shooting Stars
260 _aUSA
_bOrion Publication
_c2009
999 _c2676
_d2676